00000000nam 2200000zi 4500
0019.962726
003CaOODSP
00520260512102642
006m     o  d f      
007cr |n|||||||||
008260512e199205##onca    o    f000 0 fre d
020 |z0662974662
040 |aCaOODSP|bfre|erda|cCaOODSP
043 |an-cn---
0861 |aH93-104/1992F-PDF|zH93-104/1992F
1101 |aCanada. |bGroupe de travail du Ministre sur la politique fédérale en matière de sport, |eauteur, |eorganisme de publication.
24513|aLe sport, un pas d'avance : |brapport du Groupe de travail du Ministre sur la politique fédérale en matière de sport.
264 1|a[Ottawa] : |bLe Groupe, |cmai 1992.
264 4|c©1992
300 |a1 ressource en ligne (358 pages) : |billustrations
336 |atexte|btxt|2rdacontent/fre
337 |ainformatique|bc|2rdamedia/fre
338 |aressource en ligne|bcr|2rdacarrier/fre
500 |aPublié aussi en anglais sous le titre : Sport, the way ahead : the report of the Minister's Task Force on Federal Sport Policy.
500 |a«Publié avec l'autorisation du Ministre d'État, Condition physique et Sport amateur.»
650 6|aSports|zCanada.
650 6|aSports|xPolitique gouvernementale|zCanada.
7101 |aCanada.|bSanté et Bien-être social Canada. |bCondition physique et Sport amateur, |eorganisme de publication.
77508|tSport, the way ahead : |w(CaOODSP)9.962725
7760#|tLe sport: un pas d'avance: rapport du Groupe de travail du Ministre sur la politique fédérale en matière de sport |w(CaOODSP)9.678865
85640|qPDF|s82.7 Mo|uhttps://publications.gc.ca/collections/collection_2026/pch/H93-104-1992-fra.pdf